Score 0/20 Timer 03:00
5 Plays Today
Which Country... Iceland or Ireland? % Correct
...calls their national football team 'The Boys in Green'????
91.6%
...is the birthplace of multiple Grammy nominee Björk????
90.3%
...has the greater population????
88.8%
...drives on the left side of the road????
84.3%
...prominently features a harp on their coat of arms????
83.9%
...is the primary setting of the 1996 book 'Angela's Ashes'????
82.1%
...has the higher elevation point????
81.5%
...is a member of the European Union????
80.9%
...does not have a standing army????
79.5%
...has a national anthem named 'The Soldiers' Song'????
73.9%
Which Country... Iceland or Ireland? % Correct
...has more Nobel Laureates????
71.3%
...won more medals at the 2012 Olympics????
69%
...has the noble gyrfalcon as its national bird????
66.6%
...has been nominated for Best Foreign Language Film at the Oscars????
65.9%
...has the longer coastline????
63%
...celebrates its National Day on June 17????
63%
...is personified by the 'Lady of the Mountain'????
57.2%
...is a member state of NATO????
48.3%
...produces the children's television show 'LazyTown'????
42%
...was first to be declared a republic????
41.7%
Remove Ads.
Support Sporcle.
Get the best of Sporcle when you Go Orange. This ad-free experience offers more features, more stats, and more fun while also helping to support Sporcle. Thank you for becoming a member.

You're not logged in!

Compare scores with friends on all Sporcle quizzes.
OR
Log In

Show Comments

Extras

Top Quizzes Today


Score Distribution

Your Account Isn't Verified!

In order to create a playlist on Sporcle, you need to verify the email address you used during registration. Go to your Sporcle Settings to finish the process.

Report this User

Report this user for behavior that violates our Community Guidelines.

Details: